006210000a220013300045001000039000002450073000393000046001125200162001586500013003207730039003339420008003729520090003809990017004701 aEchavarría Luján, Dora Marcela10a¿Si el Hombre es un ser diverso, debe ser educado para la Igualdad? anúm.22 (agosto, 2012), Pág. 105 - 107 aEs estudio de muchas áreas del saber las similitudes y diferencias que coexisten en el hombre tanto biológicas, como sociales, culturales y simbólicas.14aIGUALDAD0 tRevista Tecnológico de Antioquia cANA 001040708HEMaFUSBCbFUSBCd2016-01-26l0o r2016-01-26 00:00:00w2016-01-26yANA c63549d63549